Online Catalogue and eLibrary

Dialectic of Tradition and Modernity in the Sociology of D.P. Mukerji: (Record no. 5994)

MARC details
000 -LEADER
fixed length control field 00700cam a2200217 i 4500
001 - CONTROL NUMBER
control field 2278590
005 - DATE AND TIME OF LATEST TRANSACTION
control field 20250317072636.0
008 - FIXED-LENGTH DATA ELEMENTS--GENERAL INFORMATION
fixed length control field 810409s1978 ii b 010 0 eng
040 ## - CATALOGING SOURCE (பட்டியலாக்க மூலம்)
Original cataloging agency DLC
Transcribing agency DLC
Modifying agency DLC
082 00 - DDC Classification
Class No. 301
DDC Edition Number 1272
Item Number - Author Mark MAD
100 1# - MAIN ENTRY--PERSONAL NAME
Personal name Madan, T. N.
245 10 - TITLE STATEMENT
Title Dialectic of Tradition and Modernity in the Sociology of D.P. Mukerji:
Remainder of title A Memorial Lecture Delivered on 25th February 1977 at the University of Lucknow
260 ## - PUBLICATION, DISTRIBUTION, ETC.
Place of publication, distribution, etc. New Delhi,
Name of publisher, distributor, etc. Manohar Publications for the University of Lucknow,
Date of publication, distribution, etc. 1978.
300 ## - PHYSICAL DESCRIPTION
Extent (e.g. Volumes, Pages etc.) 32 p.,
490 0# - SERIES STATEMENT
Series statement D.P. Mukerji memorial lecture series ;
650 #0 - SUBJECT ADDED ENTRY--TOPICAL TERM
Topical term or geographic name entry element Sociology
650 #0 - SUBJECT ADDED ENTRY--TOPICAL TERM
Topical term or geographic name entry element Tradition
650 #0 - SUBJECT ADDED ENTRY--TOPICAL TERM
Topical term or geographic name entry element Modernity
650 #0 - SUBJECT ADDED ENTRY--TOPICAL TERM
Topical term or geographic name entry element Economics
942 ## - Koha item type (Biblio)
Koha item type Books in Stacks (Lending)
Holdings
Lost status Damaged status Collection code Home library Current library Date acquired Full call number Accession Number Item type
    Lending WERC Library WERC Library 03/17/2025 301 MAD 1272 Books in Stacks (Lending)

© WERC Library